[Event "WSTCC-65 2020"]
[Site "Prague"]
[Date "2020.03.11"]
[Round "6.33"]
[White "Ogaard, Leif"]
[Black "Rooze, Jan"]
[Result "1/2-1/2"]
[WhiteElo "2362"]
[BlackElo "2245"]
[Annotator "TA"]
[PlyCount "44"]
[EventDate "2020.03.06"]
[EventType "team-tourn"]
[EventCountry "CZE"]
[SourceTitle "playchess.com"]
[Source "ChessBase"]
[SourceQuality "1"]

{[%evp 16,44,20,12,18,15,15,0,0,0,0,-24,0,-42,-49,-70,-12,-29,-44,-43,17,0,0,-14,-9,-19,-22,-16,-24,-28,-8]} 1. Nf3 c5 2. c4 Nf6 3. Nc3 Nc6 4. d4 cxd4 5. Nxd4 e6 6. Ndb5 d5 7. Bf4 e5 8. cxd5 exf4 9. dxc6 bxc6 {A33: Symmetrical English: 2 Nf3 Nf6 3 d4 cxd4 4 Nxd4 e6 5 Nc3 Nc6.} 10. Qxd8+ Kxd8 11. Rd1+ Bd7 {The position is equal.} 12. Nd4 Kc7 13. g3 $1 Rb8 14. Rd2 Bb4 15. Bg2 c5 (15... Bxc3 $15 16. bxc3 Rb1+ 17. Rd1 Rxd1+ 18. Kxd1 Rd8) 16. Nb3 $11 fxg3 17. hxg3 Be6 (17... c4 $15 18. Nd4 Bxc3 19. bxc3 Rb1+ 20. Rd1 Rhb8) 18. O-O Rhd8 {[#]} 19. Rxd8 $146 ({Predecessor:} 19. Rc2 c4 20. Na4 Rb5 21. e3 Bd6 22. Nd4 Rb4 23. Nxe6+ fxe6 24. b3 Kd7 25. Rxc4 Rxc4 26. bxc4 {1-0 (56) Horvath,G (2367)-Tesik,C (2162) Zalakaros 2010}) 19... Rxd8 20. Rc1 Bxb3 21. axb3 Rd2 22. Na4 Rxe2 {Accuracy: White = 88%, Black = 83%.} 1/2-1/2

[Event "WSTCC-65 2020"]
[Site "Prague"]
[Date "2020.03.11"]
[Round "6.34"]
[White "Goormachtigh, Johan"]
[Black "Heim, Sverre"]
[Result "1/2-1/2"]
[WhiteElo "2181"]
[BlackElo "2316"]
[Annotator "RC"]
[PlyCount "74"]
[EventDate "2020.03.06"]
[EventType "team-tourn"]
[EventCountry "CZE"]
[SourceTitle "playchess.com"]
[Source "ChessBase"]
[SourceQuality "1"]
[TimeControl "40/5400+30:1800+30"]

1. d4 {[%emt 0:00:00]} d5 {[%emt 0:00:00]} 2. c4 {[%emt 0:00:00]} Nc6 {[%emt 0:00:00]} 3. Nc3 {[%emt 0:00:13]} e5 {[%emt 0:00:04]} 4. cxd5 {[%emt 0:00:44]} Nxd4 {[%emt 0:00:08]} 5. e3 {[%emt 0:00:32]} Nf5 {[%emt 0:00:08]} 6. Nf3 {[%emt 0:13:48]} Bd6 {[%emt 0:00:16]} 7. Bb5+ {[%emt 0:01:32]} Bd7 {[%emt 0:00:14]} 8. Bxd7+ {[%emt 0:01:55]} Qxd7 {[%emt 0:00:12]} 9. O-O {[%emt 0:14:19]} h6 {[%emt 0:01:27]} 10. e4 {[%emt 0:03:23]} Nfe7 {[%emt 0:00:14]} 11. Nd2 {[%emt 0:00:43]} Nf6 {[%emt 0:01:15]} 12. Nc4 {[%emt 0:00:41]} O-O {[%emt 0:01:45]} 13. Qf3 {[%emt 0:10:02]} Kh7 {[%emt 0:04:53]} 14. a4 {[%emt 0:04:18]} Ng6 {[%emt 0:01:59]} 15. g3 {[%emt 0:04:07]} Ne8 {[%emt 0:18:56]} 16. Ne3 {[%emt 0:06:15]} Ne7 {[%emt 0:03:04]} 17. Bd2 {[%emt 0:09:15]} f5 {[%emt 0:03:57]} 18. exf5 {[%emt 0:00:41]} Nxf5 {[%emt 0:00:14]} 19. Qg4 {[%emt 0:09:20]} g6 {[%emt 0:14:22]} 20. Ne4 {[%emt 0:00:40]} Nf6 {[%emt 0:00:08]} 21. Nxf6+ {[%emt 0:01:58]} Rxf6 {[%emt 0:00:17]} 22. Qh3 {[%emt 0:01:29]} Qg7 {[%emt 0:03:52]} 23. Ng4 {[%emt 0:06:09]} Rf7 {[%emt 0:00:17]} 24. Bc3 {[%emt 0:00:18]} Nd4 {[%emt 0:03:41]} 25. Bxd4 {[%emt 0:01:12]} exd4 {[%emt 0:00:09]} 26. Rae1 {[%emt 0:00:25]} h5 {[%emt 0:00:53]} 27. f4 {[%emt 0:00:20]} Rf5 {[%emt 0:05:52]} 28. Ne5 {[%emt 0:06:32]} Bxe5 {[%emt 0:05:42]} 29. fxe5 {[%emt 0:00:02]} Rxe5 {[%emt 0:00:17]} 30. Rxe5 {[%emt 0:00:07]} Qxe5 {[%emt 0:00:13]} 31. Qd7+ {[%emt 0:00:06]} Kh6 {[%emt 0:04:15]} 32. Rf7 {[%emt 0:00:07]} Rh8 {[%emt 0:01:02]} 33. Re7 {[%emt 0:02:44]} Qd6 {[%emt 0:04:46]} 34. Qxc7 {[%emt 0:01:27]} Qxc7 {[%emt 0:01:49]} 35. Rxc7 {[%emt 0:00:02]} Rd8 {[%emt 0:01:22]} 36. Rxb7 {[%emt 0:01:00]} Rxd5 {[%emt 0:01:11]} 37. Kf1 {[%emt 0:00:40]} Kg5 {[%emt 0:03:43]} 1/2-1/2

[Event "WSTCC-65 2020"]
[Site "Prague"]
[Date "2020.03.11"]
[Round "6.35"]
[White "Moen, Ole Christian"]
[Black "Van Herck, Marcel"]
[Result "1-0"]
[WhiteElo "2192"]
[BlackElo "2056"]
[Annotator "TA"]
[PlyCount "67"]
[EventDate "2020.03.06"]
[EventType "team-tourn"]
[EventCountry "CZE"]
[SourceTitle "playchess.com"]
[Source "ChessBase"]
[SourceQuality "1"]

{[%evp 10,67,34,-6,7,0,21,-5,52,54,42,36,25,33,75,48,43,18,8,0,0,0,0,-4,0,-81,-18,-26,108,91,87,41,53,-15,80,54,146,49,39,-8,37,-22,-12,-68,0,0,112,100,125,79,176,157,164,147,164,164,865,776,892,764]} 1. e4 c6 2. Nc3 d5 3. Nf3 Bg4 4. h3 Bxf3 5. Qxf3 e6 6. b3 g6 {B11: Caro-Kann: Two Knights Variation.} 7. Bb2 {[#] Black must now prevent Nxd5.} Bg7 8. O-O-O {[#]} Ne7 $146 (8... d4 $11) ({Predecessor:} 8... d4 9. Ne2 c5 10. Nf4 Nc6 11. h4 Qc7 12. Bb5 Nge7 13. h5 O-O-O 14. Nd3 Rdf8 15. hxg6 Nxg6 16. Bxc6 Qxc6 {1-0 (66) Sabirova,O (2247)-Nakhbayeva,G (2207) Mashhad 2011}) 9. d4 $14 a6 10. Kb1 Nd7 11. g4 Qc7 12. Bg2 b5 13. Rhe1 {[%cal Re4d5]} b4 14. exd5 cxd5 15. Nxd5 exd5 16. Qxd5 Ra7 17. g5 (17. Qg5 $11 Qd6 18. Bc1) 17... Nb6 (17... Nb8 $17 18. Qc4 Qxc4 19. bxc4 O-O) 18. Qc5 Qd8 (18... Nbc8 $11 {keeps the balance.}) 19. Bc6+ $16 (19. Qxb4 $6 O-O $14) 19... Kf8 20. Qxb4 {And now Ba3 would win.} Kg8 21. Bg2 ({White should play} 21. d5 $1 $14 Bxb2 22. Kxb2) 21... Nbd5 (21... a5 $11 22. Qb5 h5) 22. Qd2 {[%mdl 1024] Hoping for c4. White has strong compensation.} Rd7 (22... Nb6 $14) 23. Re2 (23. c4 $16) 23... h6 $14 24. Rde1 {Threatens to win with Bxd5.} Kh7 25. h4 (25. c4 $14) 25... Nf5 $1 $11 26. Bh3 ({White should try} 26. h5 $11) 26... Nde7 (26... Nxh4 $15 27. Bxd7 Nf3) 27. c3 Qc7 (27... h5 $11) 28. h5 Rhd8 29. Qd3 Rd5 (29... hxg5 $16 {keeps fighting.} 30. hxg6+ fxg6) 30. hxg6+ ({Don't play} 30. Qxa6 $6 hxg5 31. Qd3 R5d6 $16) 30... fxg6 31. gxh6 ({Resist} 31. Qxa6 $6 h5 $14) 31... Bf6 32. Ba3 Rxd4 $2 (32... Ng8 33. Re6 Nxd4 34. cxd4 (34. Rxf6 Nxf6 35. Re7+ Qxe7 $11) 34... Rxd4) 33. cxd4 $18 Rxd4 {[#]} 34. Qxd4 $1 {[%mdl 512] Accuracy: White = 55%, Black = 42%.} 1-0

[Event "WSTCC-65 2020"]
[Site "Prague"]
[Date "2020.03.11"]
[Round "6.36"]
[White "Aragones-Melhem, Georgy"]
[Black "Semakoff, Aleks"]
[Result "1-0"]
[WhiteElo "2106"]
[BlackElo "2012"]
[Annotator "ChessBase"]
[PlyCount "85"]
[EventDate "2020.03.06"]
[EventType "team-tourn"]
[EventCountry "CZE"]
[SourceTitle "playchess.com"]
[Source "ChessBase"]
[SourceQuality "1"]
[TimeControl "40/5400+30:1800+30"]

1. e4 {[%emt 0:00:00]} d6 {[%emt 0:00:00]} 2. d4 {[%emt 0:00:12]} Nf6 {[%emt 0:00:00]} 3. Nc3 {[%emt 0:00:47]} Nbd7 {[%emt 0:00:17]} 4. Nf3 {[%emt 0:01:07]} e5 {[%emt 0:00:28]} 5. Bc4 {[%emt 0:03:02]} Be7 {[%emt 0:01:12]} 6. Bxf7+ {[%emt 0:00:40]} Kxf7 {[%emt 0:00:25]} 7. Ng5+ {[%emt 0:00:07]} Kg8 {[%emt 0:01:32]} 8. Ne6 {[%emt 0:00:17]} Qe8 {[%emt 0:01:09]} 9. Nxc7 {[%emt 0:01:28]} Qg6 {[%emt 0:01:43]} 10. Nxa8 {[%emt 0:01:31]} Qxg2 {[%emt 0:07:44]} 11. Rf1 {[%emt 0:00:21]} Ng4 {[%emt 0:28:10]} 12. Qe2 {[%emt 0:01:27]} Nxh2 {[%emt 0:13:57]} 13. Qc4+ {[%emt 0:01:08]} d5 {[%emt 0:00:16]} 14. Nxd5 {[%emt 0:00:29]} Qxf1+ {[%emt 0:08:32]} 15. Qxf1 {[%emt 0:00:10]} Nxf1 {[%emt 0:00:05]} 16. Nxe7+ {[%emt 0:00:19]} Kf7 {[%emt 0:01:42]} 17. Nd5 {[%emt 0:05:47]} Nh2 {[%emt 0:02:41]} 18. Ke2 {[%emt 0:00:20]} Ng4 {[%emt 0:02:35]} 19. dxe5 {[%emt 0:00:42]} Ndxe5 {[%emt 0:01:27]} 20. f4 {[%emt 0:01:58]} Nc6 {[%emt 0:00:53]} 21. Nac7 {[%emt 0:01:50]} Nf6 {[%emt 0:05:52]} 22. Nxf6 {[%emt 0:01:44]} Kxf6 {[%emt 0:02:57]} 23. b3 {[%emt 0:00:12]} h5 {[%emt 0:02:30]} 24. Bb2+ {[%emt 0:00:24]} Kf7 {[%emt 0:00:20]} 25. f5 {[%emt 0:00:35]} Rh7 {[%emt 0:03:03]} 26. Nb5 {[%emt 0:00:18]} Ke7 {[%emt 0:03:19]} 27. Rd1 {[%emt 0:02:21]} h4 {[%emt 0:04:38]} 28. Kf3 {[%emt 0:02:11]} h3 {[%emt 0:01:03]} 29. Kg3 {[%emt 0:00:13]} Bd7 {[%emt 0:01:52]} 30. Kh2 {[%emt 0:01:28]} a6 {[%emt 0:01:38]} 31. Ba3+ {[%emt 0:00:29]} Kd8 {[%emt 0:00:56]} 32. Nd6 {[%emt 0:01:11]} Kc7 {[%emt 0:00:29]} 33. Bb2 {[%emt 0:02:12]} b5 {[%emt 0:00:51]} 34. e5 {[%emt 0:00:25]} Ne7 {[%emt 0:00:43]} 35. e6 {[%emt 0:00:27]} Bc6 {[%emt 0:00:01]} 36. Be5 {[%emt 0:00:33]} Kb6 {[%emt 0:00:34]} 37. c4 {[%emt 0:00:03]} Rh5 {[%emt 0:00:37]} 38. cxb5 {[%emt 0:01:48]} axb5 {[%emt 0:00:34]} 39. Rf1 {[%emt 0:00:42]} Rg5 {[%emt 0:02:07]} 40. Rf2 {[%emt 0:00:00]} Bg2 {[%emt 0:00:00]} 41. Bxg7 {[%emt 0:02:39]} Rxg7 {[%emt 0:01:10]} 42. f6 {[%emt 0:00:00]} Rh7 {[%emt 0:05:02]} 43. fxe7 {[%emt 0:02:39]} 1-0

[Event "WSTCC-65 2020"]
[Site "Prague"]
[Date "2020.03.11"]
[Round "6.37"]
[White "Waschk, Armin"]
[Black "Pribyl, Josef"]
[Result "1/2-1/2"]
[WhiteElo "2165"]
[BlackElo "2225"]
[Annotator "TA"]
[PlyCount "61"]
[EventDate "2020.03.06"]
[EventType "team-tourn"]
[EventCountry "CZE"]
[SourceTitle "playchess.com"]
[Source "ChessBase"]
[SourceQuality "1"]

{[%evp 23,61,15,21,18,25,14,22,13,26,0,15,0,7,0,0,0,11,6,14,-18,-13,-58,-48,-57,-60,-42,-21,-39,-9,0,0,0,0,0,25,0,0,0,0,-165]} 1. d4 Nf6 2. c4 g6 3. g3 Bg7 4. Bg2 d5 5. cxd5 Nxd5 6. Nc3 Nb6 7. Nf3 O-O 8. O-O Nc6 9. e3 Re8 10. b3 e5 11. Nxe5 Nxe5 12. dxe5 Bxe5 {[#] Strongly threatening ...Qxd1.} 13. Bb2 {D76: Fianchetto Grünfeld: Main Line with 7...Nb6.} c6 {13...Qe7 is not played anymore.} 14. Qc2 Qe7 15. Rad1 {[#]} Bg7 $146 ({Predecessor:} 15... Bg4 16. f3 Be6 17. f4 Bg7 18. e4 Rad8 19. e5 Bg4 20. Bf3 Rxd1 21. Qxd1 Rd8 {0-1 (59) Giri,A (2784)-Vachier Lagrave,M (2773) London 2015}) 16. e4 Qc5 17. Kh1 Be6 18. f4 Rad8 19. Rd2 a5 {[%cal Ba7a5,Ba5a4][%mdl 32]} 20. Rfd1 Rd7 21. Bf3 Red8 {White must now prevent ...Qe3.} 22. Kg2 {[#]} a4 $1 {[%mdl 512]} 23. Rxd7 (23. bxa4 Nc4) 23... Rxd7 24. Rxd7 Bxd7 25. bxa4 Nc4 {Threatens to win with ...Ne3+.} 26. Bc1 Ne3+ 27. Bxe3 $1 Qxe3 28. e5 g5 29. Qd1 g4 $1 {[%cal Rg4f3]} 30. Bxg4 $2 (30. Be4 $11 {and White is okay.} Qxc3 31. Qxd7 Qb2+ {[%mdl 64] Double Attack} 32. Kh1 Qa1+ 33. Kg2 Qxa2+ 34. Kf1) 30... Bxg4 $19 31. Qd8+ {Accuracy: White = 67%, Black = 88%.} 1/2-1/2

[Event "WSTCC-65 2020"]
[Site "Prague"]
[Date "2020.03.11"]
[Round "6.38"]
[White "Jurek, Josef"]
[Black "Luethke, Hans-Eckart"]
[Result "0-1"]
[WhiteElo "2254"]
[BlackElo "2091"]
[Annotator "TA"]
[PlyCount "122"]
[EventDate "2020.03.06"]
[EventType "team-tourn"]
[EventCountry "CZE"]
[SourceTitle "playchess.com"]
[Source "ChessBase"]
[SourceQuality "1"]

{[%evp 22,122,52,57,64,57,61,64,71,55,49,45,51,54,100,100,90,35,33,17,33,18,38,41,83,24,36,0,0,0,0,0,0,0,5,0,41,-5,-6,-14,-11,-64,0,0,0,0,0,-41,0,-25,-18,-81,-26,-26,-26,-28,-31,-155,-103,-118,-308,-293,-239,-159,0,0,0,0,-1,-493,-81,-12831,-12831,-12841,-12841,-12844,-12841,-12841,-12840,-12841,-12840,-12841,-12842,-12842,-12842,-12845,-12845,-12847,-12845,-12845,-12846,-12846,-12847,-12848,-12845,-12847,-12847,-27998,-27998,-27999,-27998,-27999,-27998]} 1. c4 c5 2. Nf3 Nc6 3. Nc3 Nf6 4. g3 g6 5. Bg2 Bg7 6. d4 cxd4 7. Nxd4 Nxd4 8. Qxd4 O-O 9. O-O d6 10. Qd3 Bf5 11. e4 Be6 12. b3 Qc8 {A39: Symmetrical English vs ...g6: 4 Bg2 Bg7 5 Nf3 Nf6 6 0-0 0-0 7 d4.} 13. Bg5 {[#]} Re8 $146 ({Predecessor:} 13... h6 14. Be3 Ng4 15. Bd4 Ne5 16. Qd2 Bh3 17. Nd5 Re8 18. f4 Bxg2 19. Kxg2 Nd7 20. Bxg7 Kxg7 {1-0 (61) Eljanov,P (2681)-Yakimenko,A (2220) St Petersburg 2012}) 14. Rac1 Bh3 {White is slightly better.} 15. Bxh3 Qxh3 16. Bxf6 Bxf6 17. Nd5 {And now Nc7 would win.} Rac8 18. Nxf6+ exf6 19. f3 (19. Qxd6 $16 Qe6 20. Qxe6 Rxe6 21. Rfe1) 19... Kg7 $14 20. Rcd1 Rc6 $1 21. Rf2 h5 22. Rfd2 Re5 23. Qf1 (23. Qe3 $16) 23... Qe6 24. Qf2 a6 25. Rd5 (25. Qd4 {with more complications.} Rec5 26. Kg2 b5 27. cxb5 axb5 28. Qf2) 25... Qe7 26. Qd4 {[%cal Rd5d6]} Rxd5 27. Qxd5 $11 {[%mdl 4096] Endgame KQR-KQR} Qe5 28. Rd4 Kf8 29. b4 b5 30. cxb5 axb5 31. f4 (31. a3 $11) 31... Qxd5 (31... Qe8 $1 $15) 32. Rxd5 $15 {KR-KR} Ra6 33. Rd2 Ra4 34. Rb2 Ra3 35. Kf2 Ke7 36. f5 (36. Rc2 $11 {remains equal.}) 36... gxf5 (36... Rc3 $17) 37. exf5 $11 d5 38. Rc2 $1 Kd6 {Threatens to win with ...Ke5.} 39. Rc5 (39. h3 $15) 39... Rxa2+ $17 40. Kf3 Rxh2 41. Rxb5 {[#]} Ke5 $1 42. Rb7 Kxf5 $2 (42... Rb2 $17 43. Rxf7 Rb3+ 44. Kf2 d4) 43. Rxf7 $11 Rb2 44. Rh7 Rb3+ ({Much less strong is} 44... Rxb4 45. Rxh5+ Ke6 46. g4 $17) 45. Kg2 $2 {[%mdl 8192] [#] White is now going downhill.} (45. Ke2 $11 {and White stays safe.}) 45... Ke4 $2 (45... d4 $1 $19 {has better winning chances.} 46. Rxh5+ Ke4) 46. Rxh5 $2 {[%mdl 8192]} (46. Re7+ $17 Kf5 47. Rd7) 46... Rb2+ $19 47. Kh3 d4 48. Rh6 f5 49. Re6+ {[#]} Kd5 $1 {[%mdl 512]} 50. Rf6 Ke5 51. Rb6 d3 {( -> ...d2)} 52. Rb8 Ke4 53. Kh4 d2 54. Rd8 Ke3 55. Re8+ Kf3 56. Rd8 Rxb4+ 57. Kg5 Rb2 58. Rd3+ Ke2 59. Rxd2+ Rxd2 {Black mates.} 60. Kxf5 Kf3 61. g4 Rd5+ {Accuracy: White = 59%, Black = 77%.} 0-1

[Event "WSTCC-65 2020"]
[Site "Prague"]
[Date "2020.03.11"]
[Round "6.39"]
[White "Schulz, Michael"]
[Black "Michenka, Jozef"]
[Result "1/2-1/2"]
[WhiteElo "2122"]
[BlackElo "2291"]
[Annotator "TA"]
[PlyCount "29"]
[EventDate "2020.03.06"]
[EventType "team-tourn"]
[EventCountry "CZE"]
[SourceTitle "playchess.com"]
[Source "ChessBase"]
[SourceQuality "1"]

{[%evp 9,29,6,32,9,15,12,45,33,43,42,54,0,33,-14,37,34,51,20,38,-26,39,25]} 1. d4 Nf6 2. Bg5 c5 3. d5 Ne4 4. Bf4 Qb6 5. Bc1 f5 {[#]} 6. e3 $146 {A45: Trompowsky Attack.} (6. f3 {feels hotter.} Nd6 7. e4 e5 8. Nc3 Be7 9. f4) ({Predecessor:} 6. f3 Nf6 7. Nc3 e6 8. e4 c4 9. Bxc4 Bc5 10. Nh3 fxe4 11. dxe6 Nc6 12. Ng5 Bf2+ 13. Kf1 {0-1 (43) Vrolijk,L (2462)-Bosboom,M (2410) Amstelveen 2019}) 6... g6 7. Bd3 Nf6 8. c4 e5 9. Nc3 Bg7 10. Nge2 (10. e4 $14) 10... d6 (10... e4 $5 {[%cal Re4d3]} 11. Bc2 d6 $11) 11. O-O O-O ({Black should play} 11... e4 $11 12. Bc2 Nh5) 12. f3 $14 Qd8 13. a3 Qe7 14. Bd2 ({White should try} 14. e4 $14) 14... Na6 (14... e4 $1 $11 15. fxe4 fxe4) 15. Qc2 {Accuracy: White = 60%, Black = 50%.} 1/2-1/2

[Event "WSTCC-65 2020"]
[Site "Prague"]
[Date "2020.03.11"]
[Round "6.41"]
[White "Babula, Milan"]
[Black "Holst, Per"]
[Result "1-0"]
[WhiteElo "2144"]
[BlackElo "2152"]
[Annotator "ChessBase"]
[PlyCount "101"]
[EventDate "2020.03.06"]
[EventType "team-tourn"]
[EventCountry "CZE"]
[SourceTitle "playchess.com"]
[Source "ChessBase"]
[SourceQuality "1"]
[TimeControl "40/5400+30:1800+30"]

1. e4 {[%emt 0:00:00]} e6 {[%emt 0:00:00]} 2. d4 {[%emt 0:00:00]} d5 {[%emt 0:00:00]} 3. Nc3 {[%emt 0:00:00]} Bb4 {[%emt 0:00:00]} 4. e5 {[%emt 0:00:00]} c5 {[%emt 0:00:20]} 5. Bd2 {[%emt 0:01:00]} Ne7 {[%emt 0:01:00]} 6. Nb5 {[%emt 0:04:23]} Bxd2+ {[%emt 0:00:11]} 7. Qxd2 {[%emt 0:00:01]} O-O {[%emt 0:00:33]} 8. dxc5 {[%emt 0:07:09]} Nd7 {[%emt 0:02:47]} 9. f4 {[%emt 0:08:36]} Nxc5 {[%emt 0:01:12]} 10. Bd3 {[%emt 0:02:01]} b6 {[%emt 0:00:55]} 11. Nf3 {[%emt 0:05:27]} Ba6 {[%emt 0:03:51]} 12. Nbd4 {[%emt 0:05:27]} Bxd3 {[%emt 0:01:00]} 13. cxd3 {[%emt 0:00:12]} Qd7 {[%emt 0:02:48]} 14. O-O {[%emt 0:02:36]} Nc6 {[%emt 0:03:37]} 15. b4 {[%emt 0:06:51]} Nxd4 {[%emt 0:06:32]} 16. Nxd4 {[%emt 0:00:03]} Nb7 {[%emt 0:00:13]} 17. f5 {[%emt 0:00:40]} exf5 {[%emt 0:00:10]} 18. Rxf5 {[%emt 0:05:23]} Nd8 {[%emt 0:02:06]} 19. Raf1 {[%emt 0:07:33]} Nc6 {[%emt 0:04:13]} 20. Qf4 {[%emt 0:03:56]} Nxd4 {[%emt 0:00:47]} 21. Qxd4 {[%emt 0:00:02]} Rae8 {[%emt 0:10:17]} 22. h4 {[%emt 0:03:48]} Qd8 {[%emt 0:04:36]} 23. h5 {[%emt 0:01:46]} Re6 {[%emt 0:00:19]} 24. R1f3 {[%emt 0:01:43]} f6 {[%emt 0:01:15]} 25. exf6 {[%emt 0:16:31]} Rfxf6 {[%emt 0:03:01]} 26. Rxd5 {[%emt 0:10:04]} Rd6 {[%emt 0:01:25]} 27. Rxd6 {[%emt 0:01:03]} Rxd6 {[%emt 0:01:26]} 28. Qc4+ {[%emt 0:01:23]} Kh8 {[%emt 0:00:13]} 29. Qf7 {[%emt 0:01:06]} Rf6 {[%emt 0:02:51]} 30. Rxf6 {[%emt 0:01:24]} gxf6 {[%emt 0:00:09]} 31. Kh2 {[%emt 0:01:24]} h6 {[%emt 0:02:31]} 32. Qg6 {[%emt 0:01:06]} Qd6+ {[%emt 0:06:13]} 33. g3 {[%emt 0:00:27]} Qe5 {[%emt 0:00:54]} 34. Qxh6+ {[%emt 0:00:33]} Kg8 {[%emt 0:00:09]} 35. Qg6+ {[%emt 0:00:06]} Kf8 {[%emt 0:00:37]} 36. Kh3 {[%emt 0:02:03]} Qe6+ {[%emt 0:01:23]} 37. Kh4 {[%emt 0:00:30]} Qe5 {[%emt 0:01:31]} 38. Qh6+ {[%emt 0:00:28]} Ke7 {[%emt 0:02:18]} 39. Qg7+ {[%emt 0:01:26]} Ke8 {[%emt 0:04:27]} 40. Qg6+ {[%emt 0:00:00]} Kf8 {[%emt 0:00:00]} 41. h6 {[%emt 0:07:25]} Qd4+ {[%emt 0:02:38]} 42. Qe4 {[%emt 0:00:51]} Qf2 {[%emt 0:00:53]} 43. Kg4 {[%emt 0:02:41]} Qh2 {[%emt 0:03:07]} 44. Qa8+ {[%emt 0:00:31]} Kf7 {[%emt 0:00:22]} 45. Qxa7+ {[%emt 0:00:04]} Ke8 {[%emt 0:00:41]} 46. Qb8+ {[%emt 0:01:28]} Kf7 {[%emt 0:00:59]} 47. Qc7+ {[%emt 0:00:33]} Ke8 {[%emt 0:00:26]} 48. Qc6+ {[%emt 0:01:45]} Kf7 {[%emt 0:01:00]} 49. Qd7+ {[%emt 0:00:45]} Kf8 {[%emt 0:00:15]} 50. Qg7+ {[%emt 0:01:10]} Ke8 {[%emt 0:00:11]} 51. Qxf6 {[%emt 0:00:20]} 1-0

[Event "WSTCC-65 2020"]
[Site "Prague"]
[Date "2020.03.11"]
[Round "6.42"]
[White "Christiansen, Jens Jorgen"]
[Black "Pacl, Vaclav"]
[Result "1-0"]
[WhiteElo "2042"]
[BlackElo "2006"]
[Annotator "TA"]
[PlyCount "151"]
[EventDate "2020.03.06"]
[EventType "team-tourn"]
[EventCountry "CZE"]
[SourceTitle "playchess.com"]
[Source "ChessBase"]
[SourceQuality "1"]

{[%evp 13,151,23,20,13,14,20,32,22,19,32,25,22,21,22,35,0,93,94,104,102,108,69,90,84,119,72,77,71,74,37,87,67,82,54,82,83,91,87,85,81,113,95,129,121,223,191,200,200,231,51,310,306,314,315,302,300,918,217,208,205,206,191,270,197,190,186,189,159,158,160,138,56,142,154,143,141,358,358,358,354,353,302,793,348,333,48,48,0,257,207,969,500,1476,1203,1365,1210,1065,931,4370,2330,5077,750,29956,29959,29959,29954,4643,4368,4609,4582,3918,4229,2791,1345,1744,1649,1345,1278,4222,3659,29958,29959,9914,10560,8408,6539,29971,29973,29975,29976,29976,29977,29977,29978,29976,29975,29974,29975,29973,29975]} 1. d4 d5 2. c4 dxc4 3. e4 e5 4. Nf3 Bb4+ 5. Bd2 Bxd2+ 6. Nbxd2 exd4 7. Bxc4 Nf6 8. O-O {D20: Queen's Gambit Accepted: 3 e3 and 3 e4.} O-O 9. e5 {[#]} Nh5 $146 ({Predecessor:} 9... Nd5 10. Nb3 {½-½ (10) Basso,P (2417)-Godena,M (2519) Rome 2016}) 10. Nb3 {White is slightly better.} Nc6 11. Nbxd4 Nxd4 12. Qxd4 Qxd4 13. Nxd4 Nf4 14. g3 Be6 (14... Nh3+ $11 {remains equal.} 15. Kh1 Rd8) 15. gxf4 $16 Bxc4 16. Rfc1 $36 {[%mdl 2048] White has strong initiative.} Bd3 17. Rxc7 Rad8 18. Nb3 b6 19. Rd1 a5 20. a4 Be4 {[%cal Rd8d1]} 21. Rd4 Bd5 22. Nd2 f6 23. Nc4 fxe5 24. fxe5 Bxc4 25. Rcxc4 $14 {[%mdl 4096] Endgame KRR-KRR} (25. Rdxc4 $6 Rd1+ 26. Kg2 Rd2 $11) 25... Rde8 26. Rd5 Re6 27. h4 Rg6+ 28. Kf1 Kf7 (28... Re6 $16 {was worth a try.} 29. Rc7 h5) 29. Rc7+ Ke6 30. Rb5 $1 Rf4 31. Rc6+ $2 (31. Rxb6+ $6 Kxe5 32. Rxg6 hxg6 $16) ({White should play} 31. h5 $1 $18 {[%cal Rh5g6]} Rh6 32. Rxb6+ Kxe5 33. Rb5+ Kd4 34. b3 (34. Rxa5 Rhf6 $18)) 31... Kf5 $2 {[%mdl 8192]} (31... Kf7 $14 32. Rc7+ (32. Rcxb6 Rxb6 33. Rxb6 Rxa4 $14) (32. Rbxb6 Rxc6 33. Rxc6 Rxh4 $11) 32... Kf8) 32. e6+ $1 $18 ({Stronger than} 32. Rcxb6 Rxb6 33. Rxb6 Rxa4 $11) (32. Rbxb6 Rxc6 33. Rxc6 Rxa4 $11) 32... Kf6 33. Rbxb6 Rxh4 34. Rb7 {Threatening mate with e7+.} Re4 $2 (34... Kf5 35. Rf7+ Rf6) 35. Rf7+ $2 (35. e7+ Kg5 36. Rc5+ Kh6 37. Rc4 $3 {[%mdl 576] Promotion}) 35... Kg5 36. Rc5+ Kh6 37. e7 Rge6 (37... Rb6 $142) 38. Rxa5 {Threatens to win with Ra7.} Kg6 39. e8=Q Rxe8 40. Raa7 Rxa4 41. Rxg7+ {[%mdl 64] Double Attack} Kf6 42. Rgf7+ (42. Rxh7 $16 Rxa7 43. Rxa7) 42... Kg6 ({Black should try} 42... Ke6 $1 $14) 43. Rxh7 $16 ({Don't take} 43. Rxa4 Kxf7 44. Rf4+ Kg6 $14) 43... Rb4 44. Rhb7 Rb8 $2 (44... Rc4 $16 45. b4 Kf5) 45. Rxb8 $18 Rxb8 {KR-KR} 46. Ra2 $1 Kf5 47. Ke2 Ke4 $2 (47... Rb3 48. Kd1 Ke6) 48. Kd2 (48. Ra4+ $142 Kd5 49. b4) 48... Rb3 49. Ra4+ $2 (49. f4 $18 Kxf4 50. Kc2) 49... Kd5 $1 $14 50. Ra2 Kd4 $2 {[%mdl 8192] Black is now going downhill.} (50... Ke4 $11) 51. Kc1 Rf3 $2 (51... Rh3 52. Ra4+ Kd5) 52. b4 $18 Kc4 {[#]} (52... Rf5 $142 53. Rb2 Rb5) 53. Rb2 $1 Kb5 54. Kd1 Rf8 {[#]} 55. Ke1 $1 Rf7 56. Ke2 Re7+ 57. Kf3 (57. Kd3 $142 Rd7+ 58. Ke4) 57... Rf7+ 58. Ke4 Re7+ 59. Kf5 Rf7+ 60. Kg5 Rg7+ 61. Kf6 Rg2 62. Kf5 Rh2 63. Kg5 (63. Kg4 $142 Kc6 64. b5+ Kb7 65. b6) 63... Rg2+ 64. Kf4 Rg8 65. f3 Rf8+ 66. Ke4 Re8+ 67. Kd5 Rd8+ 68. Ke6 Rf8 69. Rf2 Kxb4 70. f4 {White mates.} Kc5 71. f5 Re8+ 72. Kd7 Ra8 73. f6 Kd5 74. Re2 Ra7+ 75. Ke8 Kd6 76. Kf8 {Accuracy: White = 68%, Black = 44%.} 1-0